La cooperación Latinoamérica-Europa (Registro nro. 161036)
[ vista simple ]
| 000 -LEADER | |
|---|---|
| fixed length control field | 01250nam a22002537a 4500 |
| 008 - FIXED-LENGTH DATA ELEMENTS--GENERAL INFORMATION | |
| fixed length control field | 111005s2009 sp |||||s|||| 00||0 spa d |
| 020 ## - INTERNATIONAL STANDARD BOOK NUMBER | |
| International Standard Book Number | 1888-6736 |
| 035 ## - | |
| -- | 4735 |
| 040 ## - CATALOGING SOURCE | |
| Original cataloging agency | vLex |
| 090 ## - | |
| -- | 2615 |
| -- | 2615 |
| 100 1# - MAIN ENTRY--PERSONAL NAME | |
| Personal name | Díaz Barrado, Cástor |
| 245 13 - TITLE STATEMENT | |
| Title | La cooperación Latinoamérica-Europa |
| Medium | [Recurso electrónico] : |
| Remainder of title | Contexto, preocupaciones, modalidades y actores en la encrucijada / |
| Statement of responsibility, etc | Cástor Díaz Barrado |
| 256 ## - | |
| -- | Servicio en línea. |
| 260 ## - PUBLICATION, DISTRIBUTION, ETC. (IMPRINT) | |
| Place of publication, distribution, etc | Madrid : |
| Name of publisher, distributor, etc | Plaza y Valdés Editores, |
| Date of publication, distribution, etc | 2009. |
| 300 ## - PHYSICAL DESCRIPTION | |
| Extent | 1 recurso electrónico |
| 506 1# - RESTRICTIONS ON ACCESS NOTE | |
| Terms governing access | Contenido solo disponible en los productos indicados |
| Authorized users | vLex Global |
| -- | vLex Global (Academic Edition, excluding Law Schools) |
| -- | vLex Global (U.S. Academic Edition, Law Schools) |
| -- | vLex Global (U.S. Academic Edition, excluding Law Schools) |
| -- | vLex Global (Academic Edition, Law Schools) |
| 650 04 - SUBJECT ADDED ENTRY--TOPICAL TERM | |
| Topical term or geographic name as entry element | Cooperación internacional |
| Geographic subdivision | América Latina |
| 650 04 - SUBJECT ADDED ENTRY--TOPICAL TERM | |
| Topical term or geographic name as entry element | Cooperación internacional |
| Geographic subdivision | Europa |
| 740 0# - | |
| -- | vLex Libros (Servicio en línea) |
| 830 #0 - | |
| -- | Cuadernos Iberoamericanos de Integración |
| 856 40 - LOCALIZACIÓN Y ACCESO ELECTRÓNICO | |
| Identificador Uniforme del Recurso (URI/URL) | https://app.vlex.com/#/sources/cooperacion-latinoamerica-europa-contexto-preocupaciones-modalidades-actores-encrucijada-4735 |
| 942 ## - | |
| -- | RAA |
| 999 ## - | |
| -- | 161036 |
| -- | 161036 |
No hay ítems disponibles.